| 000 | 00383pab a2200145 454500 | ||
|---|---|---|---|
| 008 | 180718b2005 xxu||||| |||| 00| 0 eng d | ||
| 100 | _aMohun, Simon | ||
| 245 | _aOn measuring the wealth of nations: the US economy, 1964-2001 | ||
| 260 | _c2005 | ||
| 300 | _ap.799-815. | ||
| 362 | _aSep | ||
| 650 | _aEconomic policy | ||
| 773 | _aCambridge Journal of Economics | ||
| 909 | _a67052 | ||
| 999 |
_c67052 _d67052 |
||